[Event "DVM U10 2023"]
[Site "Magdeburg GER"]
[Date "2023.12.29"]
[Round "7"]
[White "Zussner, Tim"]
[Black "Heilmann, Theo"]
[Result "0-1"]
[Termination "normal"]
[Board "8.1"]
[WhiteElo "1275"]
[BlackElo "1315"]
[WhiteClock "00:06:26"]
[BlackClock "00:29:09"]
[WhiteTeam "SV Empor Berlin"]
[BlackTeam "Schachfüchse Kempen 1986"]
[PlyCount "96"]
[WhiteFideId "34642765"]
[BlackFideId "34678476"]
[EventCountry "GER"]
[EventRounds "7"]
[EventType "team-swiss"]
[EventDate "2023.12.27"]

1. d4 {[%clk 00:55:09]} d5 {[%clk 00:55:04]} {[%emt 00:00:06]} 2. c4 {[%clk
00:55:10]} {[%emt 00:00:04]} dxc4 {[%clk 00:55:04]} {[%emt 00:00:05]} 3. Nf3
{[%clk 00:55:12]} {[%emt 00:00:04]} Nf6 {[%clk 00:54:45]} {[%emt 00:00:23]} 4.
e3 {[%clk 00:55:11]} {[%emt 00:00:06]} a6 {[%clk 00:54:19]} {[%emt 00:00:31]}
5. Bxc4 {[%clk 00:53:47]} {[%emt 00:01:30]} e6 {[%clk 00:54:12]} {[%emt
00:00:12]} 6. Nc3 {[%clk 00:53:42]} {[%emt 00:00:09]} c5 {[%clk 00:54:09]}
{[%emt 00:00:09]} 7. O-O {[%clk 00:52:45]} {[%emt 00:01:01]} b5 {[%clk
00:54:07]} {[%emt 00:00:08]} 8. Bd3 {[%clk 00:50:12]} {[%emt 00:02:38]} Nc6
{[%clk 00:53:33]} {[%emt 00:00:38]} 9. b3 {[%clk 00:46:59]} {[%emt 00:03:18]}
cxd4 {[%clk 00:53:14]} {[%emt 00:00:24]} 10. Nxd4 {[%clk 00:45:01]} {[%emt
00:02:03]} Nxd4 {[%clk 00:53:04]} {[%emt 00:00:14]} 11. exd4 {[%clk 00:45:00]}
{[%emt 00:00:07]} Be7 {[%clk 00:52:48]} {[%emt 00:00:21]} 12. Bb2 {[%clk
00:41:13]} {[%emt 00:03:52]} O-O {[%clk 00:49:33]} {[%emt 00:03:20]} 13. Rc1
{[%clk 00:39:04]} {[%emt 00:02:14]} Bb7 {[%clk 00:49:02]} {[%emt 00:00:37]} 14.
Re1 {[%clk 00:36:53]} {[%emt 00:02:15]} Nd5 {[%clk 00:48:28]} {[%emt 00:00:39]}
15. Bb1 {[%clk 00:34:17]} {[%emt 00:02:41]} Rc8 {[%clk 00:47:38]} {[%emt
00:00:55]} 16. Qd3 {[%clk 00:32:39]} {[%emt 00:01:43]} Nf6 {[%emt 00:01:21]}
17. Re3 {[%clk 00:29:43]} {[%emt 00:02:55]} b4 {[%clk 00:45:35]} {[%emt
00:00:59]} 18. Ne2 {[%clk 00:28:49]} {[%emt 00:00:59]} Rxc1+ {[%clk 00:44:20]}
{[%emt 00:00:41]} 19. Bxc1 {[%clk 00:28:02]} {[%emt 00:01:30]} a5 {[%clk
00:44:01]} {[%emt 00:00:24]} 20. f3 {[%clk 00:25:11]} {[%emt 00:02:56]} Bd6
{[%clk 00:42:44]} {[%emt 00:01:21]} 21. Kh1 {[%clk 00:22:29]} {[%emt 00:02:48]}
Qc7 {[%clk 00:41:56]} {[%emt 00:00:52]} 22. h3 {[%clk 00:21:14]} {[%emt
00:01:20]} Ra8 {[%clk 00:40:41]} {[%emt 00:01:21]} 23. Bb2 {[%clk 00:19:20]}
{[%emt 00:01:59]} Ba6 {[%clk 00:40:07]} {[%emt 00:00:39]} 24. Qd2 {[%clk
00:18:35]} {[%emt 00:00:50]} Nh5 {[%clk 00:38:42]} {[%emt 00:01:31]} 25. Bd3
{[%clk 00:16:42]} {[%emt 00:01:58]} Bxd3 {[%clk 00:37:41]} {[%emt 00:01:05]}
26. Qxd3 {[%clk 00:16:43]} {[%emt 00:00:04]} Nf4 {[%clk 00:37:26]} {[%emt
00:00:20]} 27. Nxf4 {[%clk 00:16:14]} {[%emt 00:00:34]} Bxf4 {[%clk 00:37:25]}
{[%emt 00:00:06]} 28. Qe4 {[%clk 00:15:20]} {[%emt 00:00:59]} Rc8 {[%clk
00:36:48]} {[%emt 00:00:42]} 29. Re1 {[%clk 00:14:30]} {[%emt 00:00:55]} Bh6
{[%clk 00:36:04]} {[%emt 00:00:49]} 30. d5 {[%clk 00:13:58]} {[%emt 00:00:37]}
Qb7 {[%clk 00:34:35]} {[%emt 00:01:34]} 31. dxe6 {[%clk 00:13:34]} {[%emt
00:00:29]} Qxe4 {[%emt 00:00:10]} 32. exf7+ {[%clk 00:13:23]} {[%emt 00:00:11]}
Kxf7 {[%clk 00:34:25]} {[%emt 00:00:15]} 33. Rxe4 {[%clk 00:13:24]} {[%emt
00:00:04]} Rc2 {[%clk 00:34:23]} {[%emt 00:00:08]} 34. Bd4 {[%clk 00:12:23]}
{[%emt 00:01:05]} Rxa2 {[%clk 00:33:15]} {[%emt 00:01:13]} 35. Bb6 {[%clk
00:12:06]} {[%emt 00:00:22]} Ra3 {[%clk 00:32:24]} {[%emt 00:00:57]} 36. Kg1
{[%clk 00:10:48]} {[%emt 00:01:22]} Bd2 {[%clk 00:31:43]} {[%emt 00:00:46]} 37.
Kf1 {[%clk 00:10:27]} {[%emt 00:00:26]} Bc3 {[%clk 00:31:37]} {[%emt 00:00:11]}
38. Rc4 {[%clk 00:09:42]} {[%emt 00:00:49]} Ke6 {[%clk 00:31:08]} {[%emt
00:00:34]} 39. Ke2 {[%clk 00:09:00]} {[%emt 00:00:48]} Rxb3 {[%clk 00:30:42]}
{[%emt 00:00:31]} 40. Bxa5 {[%clk 00:08:47]} {[%emt 00:00:18]} Rb2+ {[%clk
00:30:24]} {[%emt 00:00:23]} 41. Kf1 {[%clk 00:07:41]} {[%emt 00:01:11]} Kd5
{[%clk 00:30:01]} {[%emt 00:00:28]} 42. Rg4 {[%clk 00:06:54]} {[%emt 00:00:51]}
h6 {[%clk 00:29:54]} {[%emt 00:00:13]} 43. Rxg7 {[%clk 00:06:36]} {[%emt
00:00:23]} Bxg7 {[%clk 00:29:49]} {[%emt 00:00:09]} 44. g4 {[%clk 00:06:38]}
{[%emt 00:00:04]} b3 {[%clk 00:29:46]} {[%emt 00:00:08]} 45. Bb4 {[%clk
00:06:31]} {[%emt 00:00:13]} Ra2 {[%clk 00:29:43]} {[%emt 00:00:08]} 46. h4
{[%clk 00:06:24]} {[%emt 00:00:11]} b2 {[%clk 00:29:43]} {[%emt 00:00:05]} 47.
g5 {[%clk 00:06:23]} {[%emt 00:00:06]} b1=R+ {[%clk 00:29:23]} {[%emt
00:00:08]} 48. Be1 {[%clk 00:06:26]} {[%emt 00:00:19]} Bc3 {[%clk 00:29:09]}
{[%emt 00:00:19]} 0-1

[Event "DVM U10 2023"]
[Site "Magdeburg GER"]
[Date "2023.12.29"]
[Round "7"]
[White "Reuscher, Joel David"]
[Black "Bashirova, Sona"]
[Result "0-1"]
[Termination "normal"]
[Board "8.2"]
[WhiteElo "1010"]
[BlackElo "1317"]
[WhiteClock "00:36:43"]
[BlackClock "00:20:21"]
[WhiteTeam "Schachfüchse Kempen 1986"]
[BlackTeam "SV Empor Berlin"]
[PlyCount "68"]
[BlackFideId "34664033"]
[EventCountry "GER"]
[EventRounds "7"]
[EventType "team-swiss"]
[EventDate "2023.12.27"]

1. e4 {[%clk 00:54:33]} {[%emt 00:00:37]} c6 {[%clk 00:55:03]} {[%emt
00:00:08]} 2. d4 {[%clk 00:54:26]} {[%emt 00:00:12]} d5 {[%clk 00:55:03]}
{[%emt 00:00:05]} 3. e5 {[%clk 00:54:13]} {[%emt 00:00:17]} c5 {[%clk
00:55:03]} {[%emt 00:00:05]} 4. dxc5 {[%clk 00:54:10]} {[%emt 00:00:08]} Nc6
{[%clk 00:55:06]} {[%emt 00:00:04]} 5. f4 {[%clk 00:53:58]} {[%emt 00:00:16]}
Nh6 {[%clk 00:54:44]} {[%emt 00:00:26]} 6. Nf3 {[%clk 00:53:35]} {[%emt
00:00:29]} Bg4 {[%clk 00:54:41]} {[%emt 00:00:08]} 7. h3 {[%clk 00:53:22]}
{[%emt 00:00:18]} Bxf3 {[%clk 00:54:37]} {[%emt 00:00:08]} 8. Qxf3 {[%clk
00:53:19]} {[%emt 00:00:08]} e6 {[%clk 00:54:27]} {[%emt 00:00:16]} 9. Be3
{[%clk 00:52:43]} {[%emt 00:00:40]} Nf5 {[%clk 00:53:12]} {[%emt 00:01:17]} 10.
c3 {[%clk 00:52:25]} {[%emt 00:00:27]} Be7 {[%clk 00:49:26]} {[%emt 00:03:51]}
11. Bd3 {[%clk 00:49:24]} {[%emt 00:03:07]} Nxe3 {[%clk 00:47:17]} {[%emt
00:02:13]} 12. Qxe3 {[%clk 00:48:46]} {[%emt 00:00:42]} O-O {[%clk 00:47:08]}
{[%emt 00:00:14]} 13. Nd2 {[%clk 00:48:12]} {[%emt 00:00:40]} Nb8 {[%clk
00:41:02]} {[%emt 00:06:12]} 14. Nf3 {[%clk 00:47:24]} {[%emt 00:00:52]} Nd7
{[%clk 00:40:52]} {[%emt 00:00:14]} 15. b4 {[%clk 00:46:05]} {[%emt 00:01:25]}
a5 {[%clk 00:40:38]} {[%emt 00:00:17]} 16. O-O {[%clk 00:45:57]} {[%emt
00:00:14]} axb4 {[%clk 00:40:24]} {[%emt 00:00:19]} 17. cxb4 {[%clk 00:45:48]}
{[%emt 00:00:15]} Rc8 {[%clk 00:39:11]} {[%emt 00:01:16]} 18. Rfc1 {[%clk
00:45:36]} {[%emt 00:00:19]} Qc7 {[%clk 00:37:55]} {[%emt 00:01:20]} 19. Kh1
{[%clk 00:44:27]} {[%emt 00:01:14]} Qb8 {[%clk 00:35:40]} {[%emt 00:02:16]} 20.
a3 {[%clk 00:42:22]} {[%emt 00:02:16]} b6 {[%clk 00:34:46]} {[%emt 00:00:58]}
21. cxb6 {[%clk 00:41:57]} {[%emt 00:00:30]} Nxb6 {[%clk 00:34:42]} {[%emt
00:00:09]} 22. Rxc8 {[%clk 00:41:28]} {[%emt 00:00:34]} Rxc8 {[%clk 00:34:39]}
{[%emt 00:00:07]} 23. b5 {[%clk 00:40:59]} {[%emt 00:00:36]} Nc4 {[%clk
00:31:33]} {[%emt 00:03:05]} 24. Bxc4 {[%clk 00:40:44]} {[%emt 00:00:25]} Rxc4
{[%clk 00:30:21]} {[%emt 00:01:16]} 25. Nd4 {[%clk 00:40:37]} {[%emt 00:00:13]}
Bc5 {[%clk 00:29:13]} {[%emt 00:01:07]} 26. Nc6 {[%clk 00:40:30]} {[%emt
00:00:18]} Qxb5 {[%clk 00:23:58]} {[%emt 00:05:20]} 27. Na7 {[%clk 00:37:47]}
{[%emt 00:02:48]} Bxe3 {[%clk 00:23:50]} {[%emt 00:00:13]} 28. Nxb5 {[%clk
00:37:48]} {[%emt 00:00:04]} Bxf4 {[%clk 00:23:37]} {[%emt 00:00:18]} 29. Rb1
{[%clk 00:37:28]} {[%emt 00:00:20]} Bxe5 {[%clk 00:22:06]} {[%emt 00:01:41]}
30. Nc3 {[%clk 00:37:12]} {[%emt 00:00:19]} Rxc3 {[%clk 00:21:43]} {[%emt
00:00:30]} 31. a4 {[%clk 00:36:51]} {[%emt 00:00:26]} Ra3 {[%clk 00:21:20]}
{[%emt 00:00:26]} 32. Rc1 {[%clk 00:36:41]} {[%emt 00:00:15]} h6 {[%clk
00:20:22]} {[%emt 00:01:04]} 33. Rc8+ {[%clk 00:36:41]} {[%emt 00:00:06]} Kh7
{[%clk 00:20:21]} {[%emt 00:00:06]} 34. Ra8 {[%clk 00:36:43]} {[%emt 00:00:03]}
Ra1# {[%emt 00:00:13]} 0-1

[Event "DVM U10 2023"]
[Site "Magdeburg GER"]
[Date "2023.12.29"]
[Round "7"]
[White "Köhler, Valentin"]
[Black "Optendrenk, Frederik"]
[Result "1/2-1/2"]
[Termination "normal"]
[Board "8.3"]
[WhiteElo "1135"]
[BlackElo "861"]
[WhiteClock "00:32:10"]
[BlackClock "00:26:19"]
[WhiteTeam "SV Empor Berlin"]
[BlackTeam "Schachfüchse Kempen 1986"]
[PlyCount "112"]
[EventCountry "GER"]
[EventRounds "7"]
[EventType "team-swiss"]
[EventDate "2023.12.27"]

1. e4 {[%clk 00:55:06]} {[%emt 00:00:04]} e5 {[%clk 00:54:39]} {[%emt
00:00:31]} 2. Nf3 {[%clk 00:55:01]} {[%emt 00:00:10]} Nc6 {[%clk 00:54:38]}
{[%emt 00:00:06]} 3. Bb5 {[%clk 00:54:51]} {[%emt 00:00:16]} Nf6 {[%clk
00:54:35]} {[%emt 00:00:07]} 4. Nc3 {[%clk 00:54:38]} {[%emt 00:00:18]} Bc5
{[%clk 00:54:17]} {[%emt 00:00:24]} 5. d3 {[%clk 00:54:13]} {[%emt 00:00:30]}
d6 {[%clk 00:54:15]} {[%emt 00:00:06]} 6. O-O {[%clk 00:54:00]} {[%emt
00:00:18]} Bg4 {[%clk 00:54:08]} {[%emt 00:00:11]} 7. Be3 {[%clk 00:53:46]}
{[%emt 00:00:19]} Bb6 {[%clk 00:53:35]} {[%emt 00:00:39]} 8. Bxb6 {[%clk
00:53:22]} {[%emt 00:00:29]} axb6 {[%emt 00:00:21]} 9. h3 {[%clk 00:53:08]}
{[%emt 00:00:09]} Bh5 {[%clk 00:53:27]} {[%emt 00:00:07]} 10. Re1 {[%clk
00:52:16]} {[%emt 00:00:57]} O-O {[%clk 00:53:22]} {[%emt 00:00:10]} 11. Re3
{[%clk 00:49:58]} {[%emt 00:02:23]} Nd4 {[%clk 00:52:44]} {[%emt 00:00:42]} 12.
Bc4 {[%clk 00:49:36]} {[%emt 00:00:27]} Nxf3+ {[%clk 00:52:38]} {[%emt
00:00:11]} 13. gxf3 {[%clk 00:49:36]} {[%emt 00:00:06]} c6 {[%clk 00:52:06]}
{[%emt 00:00:37]} 14. Ne2 {[%clk 00:48:29]} {[%emt 00:01:12]} d5 {[%clk
00:50:47]} {[%emt 00:01:24]} 15. exd5 {[%clk 00:47:09]} {[%emt 00:01:25]} cxd5
{[%clk 00:50:42]} {[%emt 00:00:11]} 16. Bb3 {[%clk 00:46:56]} {[%emt 00:00:17]}
Re8 {[%clk 00:50:33]} {[%emt 00:00:14]} 17. Ng3 {[%clk 00:46:50]} {[%emt
00:00:10]} d4 {[%clk 00:50:20]} {[%emt 00:00:18]} 18. Re1 {[%clk 00:46:23]}
{[%emt 00:00:32]} Qd7 {[%clk 00:50:02]} {[%emt 00:00:24]} 19. Kh2 {[%clk
00:46:03]} {[%emt 00:00:24]} Qc6 {[%clk 00:48:12]} {[%emt 00:01:56]} 20. Nxh5
{[%clk 00:45:35]} {[%emt 00:00:33]} Nxh5 {[%clk 00:48:05]} {[%emt 00:00:12]}
21. Re4 {[%clk 00:44:33]} {[%emt 00:01:07]} Nf4 {[%clk 00:47:39]} {[%emt
00:00:31]} 22. Qg1 {[%clk 00:44:07]} {[%emt 00:00:31]} Kf8 {[%clk 00:42:31]}
{[%emt 00:05:13]} 23. Qg4 {[%clk 00:43:47]} {[%emt 00:00:24]} Qh6 {[%clk
00:39:40]} {[%emt 00:02:56]} 24. Qf5 {[%clk 00:43:16]} {[%emt 00:00:37]} f6
{[%clk 00:37:25]} {[%emt 00:02:20]} 25. Rae1 {[%clk 00:42:23]} {[%emt
00:00:58]} Qg6 {[%clk 00:36:30]} {[%emt 00:01:00]} 26. Qxg6 {[%clk 00:41:36]}
{[%emt 00:00:52]} Nxg6 {[%clk 00:35:30]} {[%emt 00:01:05]} 27. Bd5 {[%clk
00:39:22]} {[%emt 00:02:19]} Rac8 {[%clk 00:34:48]} {[%emt 00:00:48]} 28. R1e2
{[%clk 00:38:16]} {[%emt 00:01:10]} Nf4 {[%clk 00:34:33]} {[%emt 00:00:20]} 29.
Bxb7 {[%clk 00:37:36]} {[%emt 00:00:46]} Rc7 {[%clk 00:34:13]} {[%emt
00:00:25]} 30. Ba6 {[%clk 00:37:04]} {[%emt 00:00:37]} Nxe2 {[%clk 00:34:01]}
{[%emt 00:00:16]} 31. Rxe2 {[%clk 00:36:59]} {[%emt 00:00:10]} Rec8 {[%clk
00:33:58]} {[%emt 00:00:09]} 32. Bxc8 {[%clk 00:36:51]} {[%emt 00:00:13]} Rxc8
{[%clk 00:33:56]} {[%emt 00:00:07]} 33. Kg3 {[%clk 00:36:30]} {[%emt 00:00:25]}
Ra8 {[%clk 00:33:51]} {[%emt 00:00:10]} 34. a3 {[%clk 00:36:26]} {[%emt
00:00:09]} Rb8 {[%clk 00:33:50]} {[%emt 00:00:06]} 35. f4 {[%clk 00:36:16]}
{[%emt 00:00:15]} Re8 {[%clk 00:33:40]} {[%emt 00:00:15]} 36. fxe5 {[%clk
00:35:58]} {[%emt 00:00:23]} fxe5 {[%clk 00:33:36]} {[%emt 00:00:08]} 37. f4
{[%clk 00:35:42]} {[%emt 00:00:22]} exf4+ {[%clk 00:33:31]} {[%emt 00:00:11]}
38. Kf3 {[%clk 00:35:30]} {[%emt 00:00:16]} Re3+ {[%clk 00:32:55]} {[%emt
00:00:41]} 39. Rxe3 {[%clk 00:34:58]} {[%emt 00:00:37]} fxe3 {[%clk 00:32:44]}
{[%emt 00:00:16]} 40. c3 {[%clk 00:34:37]} {[%emt 00:00:26]} dxc3 {[%clk
00:32:31]} {[%emt 00:00:18]} 41. bxc3 {[%clk 00:34:33]} {[%emt 00:00:09]} Ke7
{[%clk 00:32:25]} {[%emt 00:00:10]} 42. Kxe3 {[%clk 00:34:31]} {[%emt
00:00:08]} Kd6 {[%clk 00:32:11]} {[%emt 00:00:19]} 43. Ke4 {[%clk 00:34:13]}
{[%emt 00:00:23]} Kc5 {[%clk 00:31:58]} {[%emt 00:00:18]} 44. d4+ {[%clk
00:34:05]} {[%emt 00:00:14]} Kd6 {[%clk 00:30:30]} {[%emt 00:01:32]} 45. Kd3
{[%clk 00:33:50]} {[%emt 00:00:20]} b5 {[%clk 00:30:21]} {[%emt 00:00:14]} 46.
c4 {[%clk 00:33:45]} {[%emt 00:00:10]} bxc4+ {[%clk 00:30:10]} {[%emt
00:00:17]} 47. Kxc4 {[%clk 00:33:40]} {[%emt 00:00:09]} h5 {[%clk 00:28:01]}
{[%emt 00:02:13]} 48. a4 {[%clk 00:33:36]} {[%emt 00:00:09]} g5 {[%clk
00:27:56]} {[%emt 00:00:10]} 49. a5 {[%clk 00:33:21]} {[%emt 00:00:21]} g4
{[%clk 00:27:49]} {[%emt 00:00:12]} 50. a6 {[%clk 00:33:05]} Kc7 {[%clk
00:27:33]} {[%emt 00:00:42]} 51. hxg4 {[%clk 00:33:00]} hxg4 {[%clk 00:27:08]}
{[%emt 00:00:39]} 52. Kd3 {[%clk 00:32:40]} Kb6 {[%clk 00:27:00]} {[%emt
00:00:39]} 53. Ke4 Kxa6 {[%clk 00:26:51]} 54. Kf4 {[%clk 00:32:11]} {[%emt
00:00:15]} Kb5 {[%clk 00:26:37]} {[%emt 00:00:18]} 55. Kxg4 {[%clk 00:32:11]}
{[%emt 00:00:05]} Kc4 {[%clk 00:26:19]} {[%emt 00:00:24]} 56. d5 {[%clk
00:32:10]} {[%emt 00:00:06]} Kxd5 {[%emt 00:00:27]} 1/2-1/2

[Event "DVM U10 2023"]
[Site "Magdeburg GER"]
[Date "2023.12.29"]
[Round "7"]
[White "Müller, Konstantin"]
[Black "Botvinnik, Julius"]
[Result "1-0"]
[Termination "normal"]
[Board "9.1"]
[WhiteElo "1614"]
[BlackElo "1516"]
[WhiteClock "00:20:55"]
[BlackClock "00:05:22"]
[WhiteTeam "SK Münster 32"]
[BlackTeam "Düsseldorfer SK 14/25"]
[PlyCount "69"]
[WhiteFideId "34661778"]
[BlackFideId "34612149"]
[EventCountry "GER"]
[EventRounds "7"]
[EventType "team-swiss"]
[EventDate "2023.12.27"]

1. e4 {[%clk 00:55:07]} {[%emt 00:00:03]} e5 {[%clk 00:55:01]} {[%emt
00:00:10]} 2. Nf3 {[%clk 00:55:07]} {[%emt 00:00:05]} Nc6 {[%clk 00:54:55]}
{[%emt 00:00:11]} 3. Bc4 {[%clk 00:55:08]} {[%emt 00:00:04]} Bc5 {[%clk
00:54:44]} {[%emt 00:00:16]} 4. c3 {[%clk 00:54:45]} {[%emt 00:00:28]} Nf6
{[%clk 00:54:40]} {[%emt 00:00:09]} 5. d3 {[%clk 00:54:39]} {[%emt 00:00:11]}
d6 {[%clk 00:54:24]} {[%emt 00:00:20]} 6. h3 {[%clk 00:53:08]} {[%emt
00:01:37]} Be6 {[%clk 00:52:52]} {[%emt 00:01:37]} 7. Bb3 {[%clk 00:52:04]} h6
{[%clk 00:51:44]} {[%emt 00:02:22]} 8. Bc2 {[%clk 00:51:47]} {[%emt 00:00:23]}
d5 {[%clk 00:47:39]} {[%emt 00:04:09]} 9. exd5 {[%clk 00:51:23]} {[%emt
00:00:29]} Bxd5 {[%clk 00:47:20]} {[%emt 00:00:23]} 10. Nbd2 {[%clk 00:50:48]}
{[%emt 00:00:41]} Bb6 {[%clk 00:47:00]} {[%emt 00:00:26]} 11. O-O {[%clk
00:50:13]} {[%emt 00:00:40]} O-O {[%clk 00:45:43]} {[%emt 00:01:22]} 12. Re1
{[%clk 00:48:55]} {[%emt 00:01:21]} Re8 {[%clk 00:44:26]} {[%emt 00:01:23]} 13.
Nf1 {[%clk 00:48:19]} {[%emt 00:00:41]} Qd7 {[%clk 00:39:38]} {[%emt 00:04:53]}
14. Ng3 {[%clk 00:46:38]} {[%emt 00:01:45]} Rad8 {[%clk 00:39:01]} {[%emt
00:00:43]} 15. b4 {[%clk 00:44:42]} {[%emt 00:02:00]} a6 {[%clk 00:38:14]}
{[%emt 00:00:53]} 16. Bb2 {[%clk 00:41:43]} {[%emt 00:03:04]} Qc8 {[%clk
00:35:48]} {[%emt 00:02:31]} 17. Qe2 {[%clk 00:39:18]} {[%emt 00:02:29]} Ba7
{[%clk 00:31:56]} {[%emt 00:03:58]} 18. a4 {[%clk 00:38:00]} {[%emt 00:01:23]}
Bxf3 {[%clk 00:31:35]} {[%emt 00:00:26]} 19. Qxf3 {[%clk 00:37:25]} {[%emt
00:00:40]} Bb6 {[%clk 00:24:21]} {[%emt 00:07:20]} 20. Nf5 {[%emt 00:06:28]}
Re6 {[%clk 00:19:18]} 21. Bb3 {[%clk 00:34:40]} {[%emt 00:01:34]} Ree8 {[%clk
00:18:34]} {[%emt 00:00:48]} 22. Nxh6+ {[%clk 00:33:12]} {[%emt 00:01:34]} Kf8
{[%clk 00:18:22]} {[%emt 00:00:16]} 23. Bxf7 {[%clk 00:32:27]} {[%emt
00:00:51]} Re7 {[%clk 00:18:00]} {[%emt 00:00:27]} 24. Bg6 {[%clk 00:32:06]}
{[%emt 00:00:26]} Qe6 {[%clk 00:16:08]} {[%emt 00:01:57]} 25. Ng4 {[%clk
00:31:11]} {[%emt 00:00:59]} Kg8 {[%clk 00:15:09]} {[%emt 00:01:05]} 26. Bf5
{[%clk 00:30:50]} {[%emt 00:00:26]} Qf7 {[%clk 00:14:39]} {[%emt 00:00:35]} 27.
b5 {[%clk 00:30:21]} {[%emt 00:00:34]} Na5 {[%clk 00:14:14]} {[%emt 00:00:29]}
28. c4 {[%clk 00:29:15]} {[%emt 00:01:11]} Nb3 {[%clk 00:14:09]} {[%emt
00:00:11]} 29. Nxe5 {[%clk 00:25:59]} {[%emt 00:03:20]} Qe8 {[%clk 00:12:50]}
{[%emt 00:01:25]} 30. Rad1 {[%clk 00:25:28]} {[%emt 00:00:36]} Nd4 {[%clk
00:12:25]} {[%emt 00:00:31]} 31. Qf4 {[%clk 00:25:07]} {[%emt 00:00:26]} Ba5
{[%clk 00:09:47]} {[%emt 00:02:43]} 32. Re3 {[%clk 00:22:56]} {[%emt 00:02:16]}
Qh5 {[%clk 00:09:01]} {[%emt 00:00:51]} 33. g4 {[%clk 00:21:41]} {[%emt
00:01:20]} Qe8 {[%clk 00:05:28]} {[%emt 00:03:37]} 34. Bxd4 {[%clk 00:21:20]}
{[%emt 00:00:26]} Rxd4 {[%clk 00:05:22]} {[%emt 00:00:12]} 35. Qxd4 {[%clk
00:20:55]} {[%emt 00:00:29]} 1-0

[Event "DVM U10 2023"]
[Site "Magdeburg GER"]
[Date "2023.12.29"]
[Round "7"]
[White "Estrin, Boris"]
[Black "Schwetz, Emil Oliver"]
[Result "0-1"]
[Termination "normal"]
[Board "9.2"]
[WhiteElo "1115"]
[BlackElo "1411"]
[WhiteClock "00:51:14"]
[BlackClock "00:47:23"]
[WhiteTeam "Düsseldorfer SK 14/25"]
[BlackTeam "SK Münster 32"]
[PlyCount "44"]
[WhiteFideId "34649859"]
[BlackFideId "34664041"]
[EventCountry "GER"]
[EventRounds "7"]
[EventType "team-swiss"]
[EventDate "2023.12.27"]

1. e4 {[%clk 00:55:08]} {[%emt 00:00:02]} e5 {[%clk 00:55:05]} {[%emt
00:00:06]} 2. Nf3 {[%clk 00:55:08]} {[%emt 00:00:05]} Nc6 {[%clk 00:55:07]}
{[%emt 00:00:04]} 3. Bb5 {[%clk 00:55:05]} {[%emt 00:00:08]} a6 {[%clk
00:55:07]} {[%emt 00:00:05]} 4. Ba4 {[%clk 00:55:03]} {[%emt 00:00:07]} Bc5
{[%clk 00:54:50]} {[%emt 00:00:21]} 5. Nxe5 {[%clk 00:54:58]} {[%emt 00:00:10]}
Nxe5 {[%clk 00:54:46]} {[%emt 00:00:09]} 6. d4 {[%clk 00:54:57]} {[%emt
00:00:06]} Bxd4 {[%clk 00:52:58]} {[%emt 00:01:53]} 7. Qxd4 {[%clk 00:54:51]}
{[%emt 00:00:11]} Qf6 {[%clk 00:52:44]} {[%emt 00:00:17]} 8. O-O {[%clk
00:54:34]} {[%emt 00:00:23]} Nf3+ {[%clk 00:52:44]} {[%emt 00:00:05]} 9. gxf3
{[%clk 00:54:22]} {[%emt 00:00:17]} Qxd4 {[%clk 00:52:43]} {[%emt 00:00:06]}
10. Nc3 {[%clk 00:54:17]} {[%emt 00:00:10]} b5 {[%clk 00:52:15]} {[%emt
00:00:33]} 11. Be3 {[%clk 00:54:05]} {[%emt 00:00:18]} Qf6 {[%clk 00:51:45]}
{[%emt 00:00:34]} 12. Nd5 {[%clk 00:53:54]} {[%emt 00:00:17]} Qg6+ {[%clk
00:51:27]} {[%emt 00:00:23]} 13. Kh1 {[%clk 00:53:42]} {[%emt 00:00:17]} Kd8
{[%clk 00:50:42]} {[%emt 00:00:50]} 14. Nf4 {[%clk 00:53:20]} {[%emt 00:00:27]}
Qf6 {[%clk 00:50:06]} {[%emt 00:00:40]} 15. Bb3 {[%clk 00:53:04]} {[%emt
00:00:21]} g5 {[%clk 00:49:10]} {[%emt 00:01:01]} 16. Nd5 {[%clk 00:52:51]}
{[%emt 00:00:19]} Qxf3+ {[%clk 00:49:07]} {[%emt 00:00:08]} 17. Kg1 {[%clk
00:52:46]} {[%emt 00:00:09]} h6 {[%clk 00:48:40]} {[%emt 00:00:32]} 18. Bd4
{[%clk 00:52:12]} {[%emt 00:00:40]} Qg4+ {[%clk 00:48:11]} {[%emt 00:00:34]}
19. Kh1 {[%clk 00:52:03]} {[%emt 00:00:11]} Qxe4+ {[%clk 00:48:12]} {[%emt
00:00:07]} 20. Kg1 {[%clk 00:51:56]} {[%emt 00:00:12]} Qxd4 {[%clk 00:48:07]}
{[%emt 00:00:09]} 21. Rae1 {[%clk 00:51:31]} {[%emt 00:00:30]} Bb7 {[%clk
00:47:28]} {[%emt 00:00:44]} 22. Nc3 {[%clk 00:51:14]} {[%emt 00:00:22]} Qg4#
{[%clk 00:47:23]} {[%emt 00:00:06]} 0-1